| 000 | 00358nam a2200145Ia 4500 | ||
|---|---|---|---|
| 008 | 231011s9999 xx 000 0 und d | ||
| 041 | _aeng | ||
| 082 | _a823 | ||
| 100 | _aGladwell Malcolm | ||
| 245 | _aBlink: The Power of thinking without thinking | ||
| 250 | _a1st | ||
| 260 |
_bPenguin Books India Pvt Ltd - _c2006 |
||
| 300 | _a277 | ||
| 365 | _b172 | ||
| 999 |
_c891520 _d891520 |
||